000 01112nam a2200229Ia 4500
001 10062
003 GE_BSU
008 181216s||||||||xx |||||||||||||| ||und||
020 _a9789941434778.
040 _cGE_BSU
080 _a575.113.1
100 _aდოლიძე, ქეთევან
245 _aნიშან-თვისებათა დამემკვიდრება ჩაის (Thea sinensis L)დიპლოიდურ და პოლიპლოიდურ ჰიბრიდებში.
245 _cრედ:ანზორ დიასამიძე
260 _aბათუმი.
260 _bბათუმის შოთა რუსთაველის სახელმეიფო უნ-ტის გამ-ბა
260 _c2014.
300 _a166გვ;19სმ;ცხრ.
541 _h4ლ.17თ
653 _aნიშან-თვისებათა დამემკვიდრება ჩაის (Thea sinensis L)დიპლოიდურ და პოლიპლოიდურ ჰიბრიდებში.
942 _cBK
999 _c43334
_d43334